KALR's criminal practice legislation of Uganda / (Record no. 729)

MARC details
000 -LEADER
fixed length control field 01321cam a2200325 a 4500
001 - CONTROL NUMBER
control field 12754707
003 - CONTROL NUMBER IDENTIFIER
control field OSt
005 - DATE AND TIME OF LATEST TRANSACTION
control field 20140403194457.0
008 - FIXED-LENGTH DATA ELEMENTS--GENERAL INFORMATION
fixed length control field 010619s2000 ug l 000 0 eng
010 ## - LIBRARY OF CONGRESS CONTROL NUMBER
LC control number 2001295507
035 ## - SYSTEM CONTROL NUMBER
System control number (DLC) 2001295507
040 ## - CATALOGING SOURCE
Original cataloging agency DLC
Transcribing agency DLC
Modifying agency DLC
042 ## - AUTHENTICATION CODE
Authentication code lcode
043 ## - GEOGRAPHIC AREA CODE
Geographic area code f-ug---
050 00 - LIBRARY OF CONGRESS CALL NUMBER
Classification number KTW460
Item number .A28 2000
082 00 - DEWEY DECIMAL CLASSIFICATION NUMBER
Classification number 345 KAL
Edition number 21
110 1# - MAIN ENTRY--CORPORATE NAME
Corporate name or jurisdiction name as entry element Uganda.
9 (RLIN) 554
245 10 - TITLE STATEMENT
Title KALR's criminal practice legislation of Uganda /
Statement of responsibility, etc edited by Ladislaus Kiiza Rwakafuuzi.
246 3# - VARYING FORM OF TITLE
Title proper/short title Criminal practice legislation of Uganda
260 ## - PUBLICATION, DISTRIBUTION, ETC. (IMPRINT)
Place of publication, distribution, etc Kampala :
Name of publisher, distributor, etc Kampala Law Reports,
Date of publication, distribution, etc [2000?]
300 ## - PHYSICAL DESCRIPTION
Extent 1 v. (various pagings) ;
Dimensions 27 cm.
505 0# - FORMATTED CONTENTS NOTE
Formatted contents note The Criminal Procedure Code Act as at January 2000 -- The Evidence Act as at 1st January -- The Magistrate's Courts Act as at 1st January 2000 -- The Penal Code Act as at January 2000 -- The Trial on Indictment Decree as at January 2000 -- The Prevention of Corruption Act as at 1st January 2000.
650 #0 - SUBJECT ADDED ENTRY--TOPICAL TERM
Topical term or geographic name as entry element Criminal procedure
Geographic subdivision Uganda.
9 (RLIN) 1998
650 #0 - SUBJECT ADDED ENTRY--TOPICAL TERM
Topical term or geographic name as entry element Criminal law
Geographic subdivision Uganda.
9 (RLIN) 1999
700 1# - ADDED ENTRY--PERSONAL NAME
Personal name Rwakafuuzi, Ladislaus Kiiza.
9 (RLIN) 1996
710 2# - ADDED ENTRY--CORPORATE NAME
Corporate name or jurisdiction name as entry element Kampala Law Reports (Firm)
9 (RLIN) 1997
906 ## - LOCAL DATA ELEMENT F, LDF (RLIN)
a 7
b cbc
c origode
d 2
e ncip
f 20
g y-gencatlg
942 ## - ADDED ENTRY ELEMENTS (KOHA)
Source of classification or shelving scheme Dewey Decimal Classification
Item type Books
Holdings
Withdrawn status Lost status Source of classification or shelving scheme Damaged status Not for loan Home library Current library Shelving location Date acquired Total Checkouts Full call number Barcode Date last seen Price effective from Koha item type Copy number Public note
    Dewey Decimal Classification     Law Development Centre Main Library Law Development Centre Main Library Text Books and Laws 04/27/2011   345 KAL 2011/2491 04/27/2011 04/27/2011 Books    
    Dewey Decimal Classification     Law Development Centre Main Library Law Development Centre Main Library Text Books and Laws 04/28/2011   345 KAL 16606 04/28/2011 04/28/2011 Books    
    Dewey Decimal Classification     Law Development Centre Main Library Law Development Centre Main Library Text Books and Laws 04/28/2011   345 KAL 16607 04/28/2011 04/28/2011 Books    
    Dewey Decimal Classification     Law Development Centre Main Library Law Development Centre Main Library Text Books and Laws 11/02/2013   345 KAL 8097/2013 11/02/2013 11/02/2013 Books 1a reserve
    Dewey Decimal Classification     Law Development Centre Main Library Law Development Centre Main Library Text Books and Laws 04/03/2014   345 KAL 6705/2013 04/03/2014 04/03/2014 Books 1 reserve
    Dewey Decimal Classification     Law Development Centre Main Library Law Development Centre Main Library Text Books and Laws 04/03/2014   345 KAL 6706/2013 04/03/2014 04/03/2014 Books 2 reserve
    Dewey Decimal Classification     Law Development Centre Main Library Law Development Centre Main Library Text Books and Laws 04/03/2014   345 KAL 6707/2013 04/03/2014 04/03/2014 Books 3 reserve
    Dewey Decimal Classification     Law Development Centre Main Library Law Development Centre Main Library Text Books and Laws 04/03/2014   345 KAL 6708/2013 04/03/2014 04/03/2014 Books 4 reserve
    Dewey Decimal Classification     Law Development Centre Main Library Law Development Centre Main Library Text Books and Laws 04/03/2014   345 KAL 6709/2013 04/03/2014 04/03/2014 Books 5 reserve
    Dewey Decimal Classification     Law Development Centre Main Library Law Development Centre Main Library Text Books and Laws 04/03/2014   345 KAL 6710/2013 04/03/2014 04/03/2014 Books 6 reserve
    Dewey Decimal Classification     Law Development Centre Main Library Law Development Centre Main Library Text Books and Laws 04/03/2014   345 KAL 6711/2013 04/03/2014 04/03/2014 Books 7 reserve